000 00354nam a22001577a 4500
003 UA-OsUOA
001 4540
007 ta
008 20050721b un ||||| |||| 00| 0 ukr d
100 _aBrien Alistair etc.
942 _cBK
040 _aUA-OsUOA
_cUA-OsUOA
_dUA-OsUOA
245 _aSchauplatz. Student's Book.
_bGerman
955 _a2
650 7 _2UDC
999 _c290702
_d290702